লোডিং...

Oxford handbook of medieval liteature in English

গ্রন্থ-পঞ্জীর বিবরন
প্রধান লেখক: Elaine, Treharne
প্রকাশিত: OUP India 2010
LEADER 00222 a2200097 4500
020
260 |b OUP India  |c 2010 
942 |c BB  |6 _ 
245 |a Oxford handbook of medieval liteature in English 
100 |a Elaine, Treharne 
999 |c 60503  |d 60503